书目信息 |
| 题名: |
全球化与新自由主义
|
|
| 作者: | 李其庆 主编 | |
| 分册: | ||
| 出版信息: | 桂林 广西师范大学出版社 2003 |
|
| 页数: | 404页 | |
| 开本: | 23cm | |
| 丛书名: | 国际学术前沿报告 | |
| 单 册: | ||
| 中图分类: | F091.352 | |
| 科图分类: | ||
| 主题词: | 新自由主义(经济学)--研究 , 新自由主义(经济学) | |
| 电子资源: | ||
| ISBN: | 7-5633-4244-3 | |
| 000 | 00942oam2 2200265 450 | |
| 001 | 1259028828 | |
| 005 | 20121003162433.53 | |
| 010 | @a7-5633-4244-3@dCNY36.80 | |
| 100 | @a20031117d2003 em y0chiy50 ea | |
| 101 | 0 | @achi |
| 102 | @aCN@b450000 | |
| 105 | @ay z 000yy | |
| 200 | 1 | @a全球化与新自由主义@Aquan qiu hua yu xin zi you zhu yi@f李其庆主编 |
| 210 | @a桂林@c广西师范大学出版社@d2003 | |
| 215 | @a404页@d23cm | |
| 225 | 2 | @a国际学术前沿报告 |
| 308 | @a封折题:国际学术前沿报告·全球化研究系列 丛书第一辑 5 | |
| 330 | @a本书对新自由主义与古典自由主义及凯恩斯主义的历史渊源关系进行了分析,描述了新自由主义所催生和加剧的国家内部各阶层间及国际上富国和穷国间的不平等的经济政治秩序。 | |
| 461 | 0 | @12001 @a国际学术前沿报告 |
| 606 | 0 | @a新自由主义(经济学)@x研究 |
| 606 | 0 | @a新自由主义(经济学) |
| 690 | @aF091.352@v4 | |
| 701 | 0 | @a李其庆@Ali qi qing@4主编 |
| 801 | 0 | @aCN@bNLC@c20101222 |
| 905 | @a10447@dF091.352@eJY141 | |
| 全球化与新自由主义/李其庆主编.-桂林:广西师范大学出版社,2003 |
| 404页;23cm.-(国际学术前沿报告) |
| ISBN 7-5633-4244-3:CNY36.80 |
| 本书对新自由主义与古典自由主义及凯恩斯主义的历史渊源关系进行了分析,描述了新自由主义所催生和加剧的国家内部各阶层间及国际上富国和穷国间的不平等的经济政治秩序。 |
| ● |
| 相关链接 |
|
|
|
|
正题名:全球化与新自由主义
索取号:F091.352/JY141
 
预约/预借
| 序号 | 登录号 | 条形码 | 馆藏地/架位号 | 状态 | 备注 |
| 1 | 7813397 | 278133976 | 学院路分馆/ [索取号:F091.352/JY141] | 在馆 | |
| 2 | 7813398 | 278133985 | 学院路分馆/ [索取号:F091.352/JY141] | 在馆 | |
| 3 | 7813399 | 278133994 | 学院路分馆/ [索取号:F091.352/JY141] | 在馆 |